| 000 | 01006nam a2200241 a 4500 | ||
|---|---|---|---|
| 001 | 000017870 | ||
| 005 | 20260212122153.0 | ||
| 008 | 100407s1988 dr ac r 001 0cspa d | ||
| 040 |
_aDO-SdBNP _bspa _cBNPHU |
||
| 082 |
_a929.27293 _bE77c |
||
| 100 | 1 |
_aCampillo Pérez, Julio Genaro, _d1922- _910857 |
|
| 245 | 1 | 0 |
_aUlises Francisco Espaillat y su familia : _binvestigación genealógica / _cJulio Genaro Campillo Pérez. |
| 260 |
_aSanto Domingo : _bInstituto Dominicano de Genealogía, _c1988. |
||
| 300 |
_a289 p. : _bil., retr. ; _c24 cm. |
||
| 490 | 1 |
_aInstituto Dominicano de Genealogía _v2 |
|
| 500 | _aIncluye datos biográficos del autor en la contraportada. | ||
| 500 | _aIncluye notas al pie de páginas. | ||
| 600 | 1 | 4 |
_aESPAILLAT QUIÑONES, ULISES FRANCISCO, _d1823-1878 _xFAMILIA _938787 |
| 650 | 0 |
_aRelaciones familiares _9801 |
|
| 651 | 4 |
_aRepública Dominicana _xGenealogía _92157 |
|
| 830 | 0 |
_aInstituto Dominicano de Genealogía _n2 _938788 |
|
| 910 | _aValidado. Control de calidad EMS. | ||
| 999 |
_c17394 _d17394 |
||